Responses for Show #6642 - Tuesday, July 2, 2013

Ben Ingram game 2.

Contestants

[<< previous game]

Sandra Ferkol, a homemaker from Ellisville, Missouri

Dan Weber, a legislative aide from Charlestown, Massachusetts

Ben Ingram, an IT consultant originally from Florence, South Carolina (whose 1-day cash winnings total $20,629)

[next game >>]

Jeopardy! Round responses

THE BATTLE OF GETTYSBURG
COMP. ABBREV.
(Alex: Computer abbreviations.)
UNDERWEAR
(Alex: Next, each correct response will have...)
3 "E"s
GENESIS
IN THE BIG INNING
    $200 21
a fishhook

Ben
    $200 22
random access memory

Ben
    $200 15
a thong

Sandra
    $200 6
engineering

Dan
    $200 5
Cain

Ben
    $200 17
grand slams

Ben
    $400 4
Cemetery Ridge

Sandra
    $400 23
(Alex: With less than a minute to go.)

artificial intelligence

Sandra
    $400 16
boxer briefs

Ben
    $400 11
detente

Sandra
    $400 7
(the tower of) Babel

Sandra
    $400 18
(Dan: What is a perfect game?)

a no-hit game (or no-hitter)

BenDan
    $600 1
the Medal of Honor

Ben
    $600 25
a bustier

Dan
    $600 10
the seeker

Sandra
    $600 8
the Ark

Sandra
    $600 19
Fenway Park

Dan
    $800 2
(Little) Round Top

Ben
    $800 26
a crew neck

Sandra
    $800 12
the merengue

Sandra
    $800 9
begat

Ben
    $1000 3
1938

Ben
    $1000 24
liquid crystal display

Sandra
    $1000 27
[The end-of-round signal sounds.]

a merry widow

Dan
    $1000 13
(Dan: What is a repertory?)

an ensemble

DanSandra
    $500 14
Lot

Sandra
    $1000 20
(Sandra: What is a double play?)

a triple play

BenSandra

Scores at the first commercial break (after clue 14):

Ben Dan Sandra
$3,400 -$800 $4,700

Scores at the end of the Jeopardy! Round:

Ben Dan Sandra
$5,800 $1,000 $6,100

Double Jeopardy! Round responses

SUITE MUSIC
NEWSPAPERS
ANIMALS ON THE MAP
AUTHORS' LESSER-KNOWN WORKS
THE TV FAMILY'S OLDEST CHILD
"Z" END
(Alex: ...that "Z" will appear at the end of each correct response.)
    $400 25
(Alex: With less than a minute to go.)

The Planets

Sandra
    $400 20
Figaro

Ben
    $400 6
Turkey

Ben
    $400 1
(James) Joyce

Ben
    $400 19
Bart

Ben
    $400 22
"fizz fizz"

Dan
    $800 27
"The Nutcracker"

Sandra
    $800 21
the Herald

Ben
    $800 16
Foxborough

Dan
    $800 14
(Dan: What is Herbie, the Love Bug?)

Chitty Chitty Bang Bang

BenDan
    $800 24
Greg

Ben
    $800 23
the (Utah) Jazz

Sandra
    $1200 2
Tombstone

Ben
    $1200 15
the Catskills

Sandra
    $1200 11
Machiavelli

Ben
    $1200 12
Alex

Sandra
    $1200 5
quartz

Sandra
    $1600 29
(Sandra: What is Don Quixote?)
[The end-of-round signal sounds.]

"Grand Canyon Suite"

BenSandra
    $1600 3
the Star

Ben
    $6,100 17
the Canary Islands

Dan
    $1600 10
1972

Dan
    $1600 13
(Ben: Who is Bud?)

Kelly

BenDan
    $1600 7
(Sandra: What is an axel?)
...
(Alex: [*], that ends with a "Z", axel doesn't.)

lutz

BenSandra
    $2000 28
(Dan: What are the "Vienna Suites"?)

"The French Suites"

Dan
Triple Stumper
    $2,900 4
the Washington Post

Ben
    $2000 18
Kodiak Island

Sandra
    $2000 9
Dante

Dan
    $2000 26
(Dan: Who is... Steve Smith?)

Hayley

Dan
Triple Stumper
    $2000 8
Soyuz

Dan

Scores at the end of the Double Jeopardy! Round:

Ben Dan Sandra
$18,300 $10,700 $10,500

[wagering suggestions for these scores]

Final Jeopardy! Round responses

THE ANCIENT WORLD
SandraWhat is the Forum
$6,000
DanWhat is the is the Forum
$10,700
BenWhat is Forum?
$3,101
the forum

Final scores:

Ben Dan Sandra
$21,401 $21,400 $16,500
2-day champion: $42,030 2nd place: $2,000 3rd place: $1,000

Game dynamics:

Coryat scores:

Ben Dan Sandra
$17,400 $6,200 $11,000
24 R
(including 1 DD),
1 W
11 R
(including 1 DD),
5 W
19 R
(including 1 DD),
3 W

Combined Coryat: $34,600

[game clues] [game scores] [suggest correction]

Game tape date: 2013-03-27
The J! Archive is created by fans, for fans. Scraping, republication, monetization, and malicious use prohibited; this site may use cookies and collect identifying information. See terms. The Jeopardy! game show and all elements thereof, including but not limited to copyright and trademark thereto, are the property of Jeopardy Productions, Inc. and are protected under law. This website is not affiliated with, sponsored by, or operated by Jeopardy Productions, Inc. Join the discussion at JBoard.tv.